00638nam a2200229Ia 4500003000900000008004100009040001300050040001300063041000800076100001900084245002600103250001000129260001400139260000900153300001100162300001000173490001200183490000700195942000700202999001700209952018200226IT-RoPAU120407s9999 xx 000 0 und d aIT-RoPAU cIT-RoPAU aita aAdolfo Regnier aSan Martino (316-397) aRoma  aDesclée c1909 a201 p. c18 cm aI Santi v32 cBK c28388d28388 00102ddc406922_63200000000000071aPAULUSbPAULUSd2012-04-11l0o922.632r2012-04-11 00:00:00w2012-04-11yBKzInserito da: In data: n.d. fondo: Via A.Severo 56 Progr:31905